TV graphics

Kaydedildi:
Detaylı Bibliyografya
Yazar: Laughton, Roy (Yazar)
Materyal Türü: Kitap
Dil:İngilizce
Baskı/Yayın Bilgisi: Londres Studio Vista 1966
Seri Bilgileri:Introductory handbooks to art and design
Konular:
Etiketler: Etiketle
Etiket eklenmemiş, İlk siz ekleyin!

MARC

LEADER 00000nam a2200000 a 4500
001 UCY0154
003 CL-VaPUC
008 940714e19660000UK |||||||||||||||||eng|d
082 0 4 |a 778.59  |b LAU  |2 21 
100 0 |a Laughton, Roy  |e author  |9 327783 
245 1 0 |a TV graphics 
300 |a 94 p 
942 |c BK 
945 |d 19940714 00:00:00  |a oaravena 
260 |a Londres  |b Studio Vista  |c 1966 
650 7 |a PUBLICIDAD POR TELEVISION  |2 CL-VaPUC  |9 265867 
650 0 |a Televisión   |x Artes gráficas   |9 327784 
650 7 |a PRODUCCION TELEVISIVA  |2 CL-VaPUC  |9 327785 
583 |a last modification  |c 19940714 00:00:00  |k Rodrigo Vera 
490 0 |a Introductory handbooks to art and design 
999 |c 229236  |d 229234 
952 |0 0  |1 0  |4 0  |6 778_590000000000000_LAU_1966  |7 0  |8 P  |9 230096  |a BIBARQ  |b BIBARQ  |d 2019-11-15  |i 2991101  |o 778.59 LAU 1966  |p 2991101  |r 2025-01-20  |w 2019-11-15  |y BK  |k ARQ